| 000 | 00480nam a2200181 a 4500 | ||
|---|---|---|---|
| 005 | 20210219153145.0 | ||
| 008 | 991125n 000 0 spa u | ||
| 035 | _aUPN01000080911 | ||
| 222 | _aINVESTIGACION EDUCATIVA | ||
| 245 | _aHacia una teoría de las aproximaciones conceptuales | ||
| 300 | _a26-30 | ||
| 362 | 0 | _a1999 Vol. 1, no. 2 | |
| 653 | 0 | _aCONCEPTO | |
| 653 | 0 | _aLINGÜISTICA | |
| 653 | 0 | _aPSICOLOGIA COGNOSCITIVA | |
| 904 |
_aAC _b018722 |
||
| 905 | _aArticulo | ||
| 999 |
_c69722 _d69722 |
||